| 000 | 00461nam a2200181Ia 4500 | ||
|---|---|---|---|
| 008 | 230524s9999 xx 000 0 und d | ||
| 020 | _a9788126539932 | ||
| 082 |
_a624.154 _bPRA |
||
| 100 |
_aShamsher Prakash _941505 |
||
| 245 | 0 | _aPile Foundations in Engineering Practice | |
| 250 | _a1 | ||
| 260 |
_aDelhi _bJ.Wiley _c2013 |
||
| 300 | _a"xiv,729p;" | ||
| 500 | _aQuantity Number: 1 | ||
| 650 | _aCivil | ||
| 700 |
_aHari D.Sharma _941506 |
||
| 942 | _cBK | ||
| 999 |
_c55770 _d55770 |
||